00589nam a2200205Ia 450000500170000000800410001702000180005804000180007604100080009408200240010210000230012624500600014925000120020926000350022130000280025665000430028465000170032765000200034470000190036420220829114544.0210716s2010 xx 000 0 und d a9788184894776 cAIMIT LIBRARY aeng a574.80285 21bPOLA aPolanski, Andrzej. aBioinformatics /cBy Andrzej Polanski and Marek Kimmel. a1st ed. aNew Delhi :bSpringer ,c2010. axvii, 376p. ;c23.5 cm. aMathematical and computational methods aApplications aDNA Microarrays aKimmel, Marek.